书目信息 |
| 题名: |
作为焦虑和平静的宗教
|
|
| 作者: | 阿拉普拉, 著 ;杨韶刚 译 | |
| 分册: | ||
| 出版信息: | 北京 华夏出版社 2000.10 |
|
| 页数: | 187页 | |
| 开本: | 20cm | |
| 丛书名: | 思想进阶 | |
| 单 册: | ||
| 中图分类: | B920 | |
| 科图分类: | ||
| 主题词: | 宗教心理学--zong jiao xin li xue--对比研究 | |
| 电子资源: | ||
| ISBN: | 7-5080-2236-X | |
| 000 | 01258nam 2200289 450 | |
| 001 | 010230681494 | |
| 005 | 20080826131625.06 | |
| 010 | @a7-5080-2236-X@dCNY10.00 | |
| 100 | @a20050807d2000 km y0chiy0120 ea | |
| 101 | 1 | @achi@ceng |
| 102 | @aCN@b110000 | |
| 105 | @ay a 000yy | |
| 200 | 1 | @a作为焦虑和平静的宗教@Azuo wei jiao lu he ping jing de zong jiao@e论精神的比较现象学@f(加拿大)J. G.阿拉普拉著@F(jia na da)J.G.a la pu la zhu@g杨韶刚译@Gyang shao gang yi |
| 210 | @a北京@c华夏出版社@d2000.10 | |
| 215 | @a187页@d20cm | |
| 225 | 2 | @a思想进阶@Asi xiang jin jie |
| 320 | @a有书目。 | |
| 330 | @a本书作者阐述了宗教在促进人的自我认识,解除焦虑和促进心理平衡等方面所起的作用,并指出“焦虑”与“平静”是宗教研究中的两个核心主题,围绕这个主题,他把基督教、印度教和佛教对这两个领域的研究进行了比较分析,提出了很多颇有见地的观点。 | |
| 410 | 0 | @12001 @a思想进阶 |
| 510 | 1 | @aReligion as anxiety and tranquillity@zeng |
| 517 | 1 | @a论精神的比较现象学@Alun jing shen de bi jiao xian xiang xue |
| 606 | 0 | @a宗教心理学@Azong jiao xin li xue@x对比研究 |
| 690 | @aB920@v4 | |
| 701 | 1 | @a阿拉普拉,@Aa la pu la,@bJ. G.@g(Arapura, John Geeverhese),@f1920-@4著 |
| 702 | 0 | @a杨韶刚@Ayang shao gang@4译 |
| 801 | 0 | @aCN@c20080826 |
| 905 | @dB920@eA114 | |
| 作为焦虑和平静的宗教:论精神的比较现象学/(加拿大)J. G.阿拉普拉著/杨韶刚译.-北京:华夏出版社,2000.10 |
| 187页;20cm.-(思想进阶) |
| ISBN 7-5080-2236-X:CNY10.00 |
| 本书作者阐述了宗教在促进人的自我认识,解除焦虑和促进心理平衡等方面所起的作用,并指出“焦虑”与“平静”是宗教研究中的两个核心主题,围绕这个主题,他把基督教、印度教和佛教对这两个领域的研究进行了比较分析,提出了很多颇有见地的观点。 |
| ● |
| 相关链接 |
|
|
|
正题名:作为焦虑和平静的宗教
索取号:B920/A114
 
预约/预借
| 序号 | 登录号 | 条形码 | 馆藏地/架位号 | 状态 | 备注 |
| 1 | 714740 | 207147407 | 自科二线400A/509社科库 52排9列3层/ [索取号:B920/A114] | 在馆 |